Marx engels marxism

Đã lưu trong:
書目詳細資料
主要作者: Lenin, V. I.
格式: 圖書
語言:Undetermined
出版: Moscow Foreign Languages Publishing House 1951
主題:
標簽: 添加標簽
沒有標簽, 成為第一個標記此記錄!
Thư viện lưu trữ: Trung tâm Học liệu Trường Đại học Cần Thơ
LEADER 00493nam a2200181Ia 4500
001 CTU_80423
008 210402s9999 xx 000 0 und d
082 |a 335.4 
082 |b L566 
100 |a Lenin, V. I. 
245 0 |a Marx engels marxism 
245 0 |c V. I. Lenin 
260 |a Moscow 
260 |b Foreign Languages Publishing House 
260 |c 1951 
650 |a Communism,Marx, karl, 1818-1883 
904 |i Trọng Hải 
980 |a Trung tâm Học liệu Trường Đại học Cần Thơ